Basic of disaster management: (Record no. 515447)
[ view plain ]
| 000 -LEADER | |
|---|---|
| fixed length control field | 00256nam a22000857a 4500 |
| 100 ## - MAIN ENTRY--PERSONAL NAME | |
| Personal name | Shreevastav, K. N. P. |
| 9 (RLIN) | 21020 |
| 245 ## - TITLE STATEMENT | |
| Title | Basic of disaster management: |
| Remainder of title | Pre- During- Post |
| Statement of responsibility, etc | by K. N. P. Shreevastav |
| 260 ## - PUBLICATION, DISTRIBUTION, ETC. (IMPRINT) | |
| Place of publication, distribution, etc | New Delhi |
| Name of publisher, distributor, etc | Satyam |
| Date of publication, distribution, etc | 2010 |
| 300 ## - PHYSICAL DESCRIPTION | |
| Extent | 468p. |
No items available.
